[Event "WC-2016-Q-00005"]
[Site "LSS email"]
[Date "2016.08.29"]
[Round "?"]
[White "Kuhne, Detlev"]
[Black "Medvedev, Eduard"]
[Result "1/2-1/2"]
[WhiteElo "2434"]
[BlackElo "2284"]
[PlyCount "65"]
[EventDate "2016.09.03"]
[EventType "tourn (corr)"]
[EventRounds "12"]
[EventCountry "GER"]
[SourceTitle "Corr 2022"]
[Source "ChessBase"]
[SourceDate "2021.10.24"]
[SourceVersion "1"]
[SourceVersionDate "2021.10.24"]
[SourceQuality "1"]

1. e4 c5 2. Nf3 Nc6 3. d4 cxd4 4. Nxd4 Nf6 5. Nc3 e5 6. Ndb5 d6 7. Bg5 a6 8. Na3 b5 9. Nd5 Be7 10. Bxf6 Bxf6 11. c3 Ne7 12. Nxf6+ gxf6 13. Bd3 d5 14. Qe2 dxe4 15. Bxe4 Rb8 16. 0-0 f5 17. Rad1 Qc7 18. Bb1 0-0 19. Rfe1 Ng6 20. Nc2 Be6 21. Qh5 Rbd8 22. Ne3 f4 23. Nf5 Rxd1 24. Rxd1 Rd8 25. h3 Rxd1+ 26. Qxd1 Qc8 27. Qd3 Bc4 28. Qe4 Be6 29. Qd3 Bc4 30. Qd6 Be6 31. Ne7+ Nxe7 32. Qxe7 h6 33. Qd6 1/2-1/2

[Event "WC-2016-Q-00005"]
[Site "LSS email"]
[Date "2016.08.29"]
[Round "?"]
[White "Tsenkov, Lyubomir"]
[Black "Medvedev, Eduard"]
[Result "1/2-1/2"]
[WhiteElo "2427"]
[BlackElo "2284"]
[PlyCount "67"]
[EventDate "2016.09.03"]
[EventType "tourn (corr)"]
[EventRounds "12"]
[EventCountry "GER"]
[SourceTitle "Corr 2022"]
[Source "ChessBase"]
[SourceDate "2021.10.24"]
[SourceVersion "1"]
[SourceVersionDate "2021.10.24"]
[SourceQuality "1"]

1. c4 Nf6 2. g3 e5 3. Bg2 d5 4. cxd5 Nxd5 5. Nc3 Nb6 6. Nf3 Nc6 7. 0-0 Be7 8. a3 0-0 9. d3 Be6 10. Be3 f5 11. Rc1 Kh8 12. b4 a6 13. Bc5 Bg8 14. e3 Bxc5 15. bxc5 Nd5 16. d4 e4 17. Nd2 Nce7 18. Nxd5 Bxd5 19. Re1 b5 20. cxb6 cxb6 21. Bf1 b5 22. a4 b4 23. Rc5 Rf6 24. Qc2 Rc6 25. Nb3 Rac8 26. Bc4 Rxc5 27. dxc5 Bxc4 28. Qxc4 Qg8 29. Qxg8+ Kxg8 30. Rd1 Nc6 31. Rd6 a5 32. Kg2 Kf7 33. h3 Ne5 34. Ra6 1/2-1/2